000 00441nam a2200181Ia 4500
003 OSt
005 20240321095811.0
008 210210b1960 xxu||||| |||| 00| 0 eng d
040 _cAL
041 _akan
082 _a859/1549
100 _aRAMAMURTI (M)
_9155868
245 _aVajrada haralu:
_bವಜ್ರದ ಹರಳು
260 _aBengaluru
_b-
_c1960
690 _aKannada Fiction
_9155869
906 _a022277
942 _2ddc
_cBK
999 _c146430
_d146430